Техника: 1500000 терминов на 5 языках
| Streszczenie: | Текстовые файлы |
|---|---|
| Język: | rosyjski niemiecki fiński szwedzki |
| Wydane: |
Russia, ETS, 1996
|
| Seria: | Словари Polyglossum для DOS & Windows |
| Hasła przedmiotowe: | |
| Format: | MixedMaterials Elektroniczne Książka |
| KOHA link: | https://koha.lib.tpu.ru/cgi-bin/koha/opac-detail.pl?biblionumber=51842 |
MARC
| LEADER | 00000nlm0a2200000 4500 | ||
|---|---|---|---|
| 001 | 51842 | ||
| 005 | 20231031041012.0 | ||
| 035 | |a (RuTPU)RU\TPU\book\54283 | ||
| 090 | |a 51842 | ||
| 100 | |a 20030513d1996 m y0rusy50 ca | ||
| 101 | 0 | |a rus |a ger |a fin |a swe | |
| 102 | |a RU | ||
| 105 | |a y e 000zy | ||
| 135 | |a vocna---uucaa | ||
| 181 | 0 | |a i | |
| 182 | 0 | |a b | |
| 200 | 1 | |a Техника |b Электронный ресурс |e 1500000 терминов на 5 языках | |
| 203 | |a Текст |c электронный | ||
| 210 | |a Russia |c ETS |d 1996 | ||
| 215 | |a 1 Мультимедиа CD-ROM | ||
| 225 | 1 | |a Словари Polyglossum для DOS & Windows | |
| 230 | |a Мультимедиа ресурсы (10 директорий; 100 файлов; 740MB) | ||
| 336 | |a Текстовые файлы | ||
| 610 | 1 | |a иностранные языки | |
| 610 | 1 | |a многоязычные словари | |
| 610 | 1 | |a терминологические словари | |
| 610 | 1 | |a техника | |
| 610 | 1 | |a финский язык | |
| 610 | 1 | |a английский язык | |
| 610 | 1 | |a немецкий язык | |
| 610 | 1 | |a шведский язык | |
| 675 | |a 62(03) |v 3 | ||
| 686 | |a Ш12-4 |v LBC/SL-A |2 rubbk | ||
| 801 | 1 | |a RU |b 63413507 |c 20030513 |g PSBO | |
| 801 | 2 | |a RU |b 63413507 |c 20221202 |g PSBO | |
| 942 | |c CF | ||